000 00231nam a2200097Ia 4500
008 230915s9999 xx 000 0 und d
050 _aQC73.4 .M3 C.3
100 _aMaton Anthea
245 0 _aMotion, Forces and Energy
942 _cBK
999 _c189403
_d189403